00795nam a2200217 a 4500001001000000003000400010005001700014008004100031040002500072100002400097245005700121260003600178300002800214490003200242700002900274800003900303942001400342952009900356952010500455999001700560000036792OSt20201202085646.0120201s1985 xxua 000 0 spa d aDO-SdBNPbspacBNPHU1 aZiff, Morris96313114aThe spondyloarthropathies /cMorris Ziff, Stanley B. aNew York :bRaven Press,c1985. a272 p. :bil. ;c23 cm.1 aAdvances in inflammationv91 aCohen, Stanley B.9631320 aAdvances in inflammationn9963133 2ddccLBS1 00102ddc718MOaBNPHUbGRcCTd2012-02-01iLF1l0o p36792-10r2020-06-25w2020-06-25yLBS1 00102ddc718MOaBNPHUbGRcCTd2012-10-24iLF1l0o p36792-20r2020-06-25te. 2w2020-06-25yLBS1 c36283d36283